| 000 | 00461nam a22001697a 4500 | ||
|---|---|---|---|
| 999 |
_c523706 _d523706 |
||
| 003 | NUST | ||
| 038 | _awaseem | ||
| 082 |
_a891.42 _bSAR |
||
| 100 |
_aSarshar, Abdul Hameed _914478 |
||
| 245 |
_aAdabi Risma / _cAbdul Hameed Sarshar |
||
| 260 |
_aLahore : _bAziz Publishers, _c1985. |
||
| 300 | _a87 p. ; | ||
| 500 | _aPaperback. | ||
| 880 |
_6100-02\r _aحافظ عبدالحمید سر شار |
||
| 880 |
_6245-02\r _aادبی رشماں / |
||
| 942 |
_2ddc _cBK |
||